000
00312cam a2200145ua 4500
041
_a
mal
_h
082
_a
894.812308
_b
NAR/MA
100
_a
Narayanapillai, M R .
245
_a
Madanasena
260
_a
Calicut :
_b
P.K brothers ,
_c
1961.
300
_a
338 ; .
504
_a
942
_c
BK
999
_c
435
_d
435